| 000 | 01269nam a22002777a 4500 | ||
|---|---|---|---|
| 999 |
_c21497 _d21497 |
||
| 003 | AR-CdUCM | ||
| 008 | 190220b ||||| |||| 00| 0 spa d | ||
| 020 | _a9789972514258 | ||
| 040 |
_aMUNICIPALIDAD PROVINCIAL DEL CUSCO _cBIBLIOTECA MUNICIPAL DEL CUSCO |
||
| 082 |
_a980.01/H44 _bH44 |
||
| 245 |
_aArqueología y desarrollo en América del Sur : _bde la práctica a la teoría / _cAlexander Herrera Wassilowsky, compilador. |
||
| 260 |
_aLima : _bInstituto de Estudios Peruanos, IEP, _bUniversidad de los Andes, Facultad de Ciencias Sociales, Departamento de Antropología, _c2013. |
||
| 300 |
_a200 páginas. : _bilustraciones ; _c24 cm. |
||
| 440 |
_aSerie Estudios de la Sociedad Rural, _n44. _945084 |
||
| 500 | _zIncluye bibliografías. | ||
| 650 |
_aArqueología _9371 |
||
| 650 |
_aExcavaciones _917079 |
||
| 650 |
_aAntigüedades _930188 |
||
| 650 |
_aMonumentos históricos _96891 |
||
| 650 |
_aAmérica del Sur _9742 |
||
| 700 |
_aHerrera Wassilowsky, Alexander (compilador) _945085 |
||
| 710 |
_aInstituto de Estudios Peruanos (Lima) _99759 |
||
| 710 |
_aUniversidad de los Andes (Lima). Facultad de Ciencias Sociales.Departamento de Antropología, Centro de Estudios Socioculturales e Internacionales _945086 |
||
| 942 |
_2ddc _cLIBROS |
||
| 945 | _aRoel | ||